Catálogo
 En Linea

El futuro de América Latina en el mercado mundial : (Registro nro. 28182)

Detalles MARC
000 -CABECERA
campo de control de longitud fija 00711nam a2200169 a 4500
001 - NÚMERO DE CONTROL
campo de control 000028690
005 - FECHA Y HORA DE LA ÚLTIMA TRANSACCIÓN
campo de control 20200930055059.0
008 - DATOS DE LONGITUD FIJA--INFORMACIÓN GENERAL
campo de control de longitud fija 110411s1992 gw 000 0 spa d
040 ## - FUENTE DE LA CATALOGACIÓN
Centro catalogador/agencia de origen DO-SdBNP
Lengua de catalogación spa
Centro/agencia transcriptor BNPHU
082 ## - NÚMERO DE LA CLASIFICACIÓN DECIMAL DEWEY
Número de clasificación xxx
Número de documento/Ítem Z72f
049 ## - FONDOS LOCALES (OCLC)
Fondos de biblioteca BNPD
100 1# - ENTRADA PRINCIPAL--NOMBRE DE PERSONA
Nombre de persona Zimmerling, Ruth
Fechas asociadas al nombre 1953-
9 (RLIN) 55669
245 10 - MENCIÓN DE TÍTULO
Título El futuro de América Latina en el mercado mundial :
Resto del título integración regional versus integración en el mercado mundial /
Mención de responsabilidad, etc. Ruth Zimmerling.
260 ## - PUBLICACIÓN, DISTRIBUCIÓN, ETC.
Lugar de publicación, distribución, etc. Bonn, Alemania :
Nombre del editor, distribuidor, etc. Friedrich Ebert Stiftung,
Fecha de publicación, distribución, etc. [1992].
300 ## - DESCRIPCIÓN FÍSICA
Extensión 24 p. ;
Dimensiones 21 cm.
500 ## - NOTA GENERAL
Nota general Informe sobre la Conferencia Internacional realizada 24 y 25 de marzo de 1992 en Francfort del Meno en cooperacion con la Ciudadde Francfort del Meno
Existencias
Estado de retiro Estado de pérdida Restricciones de uso No para préstamo Código de colección Localización permanente Ubicación/localización actual Ubicación en estantería Fecha de adquisición Número de inventario Total de préstamos Signatura topográfica completa Código de barras Fecha visto por última vez Precio válido a partir de Tipo de ítem Koha
        Monografías: Libros y Folletos Patrimonio Dominicano Patrimonio Dominicano Orden iniciada 11.04.2011 LF1   xxx Z72f 28690-10 25.06.2020 25.06.2020 No se presta

Con tecnología Koha